Score 0/18 Timer 02:00
4 Plays Today
% Correct
▪MATH▪
97%
TON
96.5%
TEN
96.2%
▪INK▪
95.8%
ION
95.2%
▪PEN▪
94%
▪PAPER▪
92.9%
MOTH
92.4%
BOTH
92.3%
% Correct
INN
92.1%
BOTS
79.9%
▪BOOK▪
79.1%
LACES
78.5%
BOOS
71.5%
PACES
68.2%
PACER
68.1%
LACKS
57%
▪SACKS▪
55.9%

Today's Daily Dose

Remove Ads.
Support Sporcle.
Get the best of Sporcle when you Go Orange. This ad-free experience offers more features, more stats, and more fun while also helping to support Sporcle. Thank you for becoming a member.

You're not logged in!

Compare scores with friends on all Sporcle quizzes.
OR
Log In

Show Comments

Extras

Top Quizzes Today


Score Distribution

Your Account Isn't Verified!

In order to create a playlist on Sporcle, you need to verify the email address you used during registration. Go to your Sporcle Settings to finish the process.

Report this User

Report this user for behavior that violates our Community Guidelines.

Details: